| 000 | 00348nam a22001457a 4500 | ||
|---|---|---|---|
| 003 | OSt | ||
| 005 | 20220127112601.0 | ||
| 008 | 220127b |||||||| |||| 00| 0 eng d | ||
| 020 | _a8174092323 | ||
| 040 | _cH U | ||
| 082 | _a621.31042 | ||
| 100 |
_aRao Sunil S. _928853 |
||
| 245 | _aSwitchgear Protection And Power Systems | ||
| 942 |
_2ddc _cBOOKS _n0 |
||
| 999 |
_c28133 _d28133 |
||